ბათუმის შოთა რუსთაველის სახელმწიფო უნივერსიტეტის ბიბლიოთეკა

საკვებთწარმოება. (ბიბ.ჩანაწერი № 44672)

000 -LEADER
fixed length control field 00987nam a2200205Ia 4500
001 - CONTROL NUMBER
control field 11475
003 - CONTROL NUMBER IDENTIFIER
control field GE_BSU
008 - FIXED-LENGTH DATA ELEMENTS--GENERAL INFORMATION
fixed length control field 181216s||||||||xx |||||||||||||| ||und||
040 ## - CATALOGING SOURCE
Transcribing agency GE_BSU
080 ## - UNIVERSAL DECIMAL CLASSIFICATION NUMBER
Universal Decimal Classification number 636.085/087(075.32)+633.2/3(075.32)
245 ## - TITLE STATEMENT
Title საკვებთწარმოება.
245 ## - TITLE STATEMENT
Remainder of title სახელმძღვ.სოფლ.მეურნეობის მე–2 თანრიგის ოსტატთა მოსამზადებლად.
245 ## - TITLE STATEMENT
Statement of responsibility, etc. ი.ვ.იაკუშინის საერთო რედ:მ.პ.ელსუკოვის რედ.ვ.მაჭარაშვილისა და ე.ყიფიანის თარგმანი;გ.რცხილაძის რედაქციით.
260 ## - PUBLICATION, DISTRIBUTION, ETC.
Place of publication, distribution, etc. თბილისი.
260 ## - PUBLICATION, DISTRIBUTION, ETC.
Name of publisher, distributor, etc. სახელგამი.
260 ## - PUBLICATION, DISTRIBUTION, ETC.
Date of publication, distribution, etc. 1952.
300 ## - PHYSICAL DESCRIPTION
Extent 279გვ;20სმ.
653 ## - INDEX TERM--UNCONTROLLED
Uncontrolled term საკვებთწარმოება.
942 ## - ADDED ENTRY ELEMENTS (KOHA)
Koha item type წიგნი
ეგზემპლარები
Withdrawn status Lost status Damaged status Not for loan Date acquired Barcode Date last seen Price effective from Koha item type
        2018-12-17 20233 2018-12-17 2018-12-17 წიგნი